[Event "Magnus Carlsen Inv KO"]
[Site "chess24.com INT"]
[Date "2021.03.20"]
[Round "3.14"]
[White "So, Wesley"]
[Black "Carlsen, Magnus"]
[Result "0-1"]
[WhiteTitle "GM"]
[BlackTitle "GM"]
[WhiteElo "2770"]
[BlackElo "2847"]
[WhiteFideId "5202213"]
[BlackFideId "1503014"]
[EventDate "2021.03.16"]

1. e4 e5 2. Nf3 Nc6 3. Bc4 Bc5 4. c3 Nf6 5. d3 d6 6. Nbd2 O-O 7. h3 a6 8. Bb3
Be6 9. Bc2 d5 10. Ng5 Bc8 11. exd5 Qxd5 12. O-O Bf5 13. Nde4 Be7 14. Qf3 Qd7 15.
b4 Rad8 16. Rd1 Nd5 17. d4 Bg6 18. dxe5 Nxe5 19. Qg3 Nc4 20. h4 Qc6 21. Rd4 Nxb4
22. Rxd8 Nxc2 23. Rxf8+ Bxf8 24. Rb1 Bxe4 25. Nxe4 Qxe4 0-1

[Event "Magnus Carlsen Inv KO"]
[Site "chess24.com INT"]
[Date "2021.03.21"]
[Round "3.22"]
[White "Giri, Anish"]
[Black "Nepomniachtchi, Ian"]
[Result "1-0"]
[WhiteTitle "GM"]
[BlackTitle "GM"]
[WhiteElo "2776"]
[BlackElo "2789"]
[WhiteFideId "24116068"]
[BlackFideId "4168119"]
[EventDate "2021.03.16"]

1. e4 c5 2. Nf3 e6 3. d4 cxd4 4. Nxd4 Nc6 5. Nc3 Qc7 6. Be3 a6 7. g4 h6 8. h4
Nf6 9. Nxc6 bxc6 10. Qf3 d5 11. g5 hxg5 12. hxg5 Rxh1 13. Qxh1 Ng4 14. Bd2 Bb7
15. Qh3 Ne5 16. O-O-O d4 17. Nb1 c5 18. f4 Nc6 19. g6 O-O-O 20. gxf7 Qxf7 21.
Bc4 Kb8 22. Bxe6 Qc7 23. Bc4 Ka7 24. Na3 Nb4 25. Re1 Be7 26. Kb1 Re8 27. e5 Bd8
28. Bb3 g5 29. Nc4 gxf4 30. Bxf4 Nd5 31. Bd2 Qg7 32. Nd6 Rh8 33. Qe6 Bh4 34. Rc1
Nc7 35. Qc4 Qxe5 36. Nf7 Qh2 37. Qxc5+ Kb8 38. Qxd4 Rf8 39. Bf4 Bg3 40. Bxg3
Qxg3 41. Qb4 1-0